000 00436nam a2200169 a 4500
001 6337
003 CO-ViMGA
008 141112s2004 ck r 000 u spa d
040 _aCO-ViMGA
_bspa
_cCO-ViMGA
082 0 4 _a620.86 M856
100 1 _aMuñoz Guerrero, Julio
_95052
245 1 0 _aSistemas de seguridad
260 _aMadrid :
_bParaninfo,
_c1995
300 _a159 p : il
650 1 4 _aSEGURIDAD - SISTEMAS
_95053
942 _2ddc
_cBK
999 _c18307
_d18307